000 01332nam0a22002771 4500
001 rc\4625105
005 20260408083336.0
021 _aRU
_b[59-77065]
035 _a(NLR Aleph) 008676267
090 _a9150512
_c9150512
100 _a20130416d1959 |||y0rusy50 ca
101 0 _arus
102 _aRU
105 _aa z |||||
200 1 _aИзмерение диэлектрических потерь в изоляции высокого напряжения
_fГл. энергет. упр. при Госплане СССР "Союзглавэнерго". Гос. трест по организации и рационализации раон. электр. станций и сетей "Оргрэс"
210 _aМосква
_aЛенинград
_cГосэнергоиздат
_d1959
215 _a47 с.
_cчерт.
_d20
300 _aАвт. указан на обороте тит. л.: инж. П.М. Сви
606 _aЭлектроизоляция высоковольтная
_xДиэлектрические потери
_xИзмерение
_2psbo
700 1 _aСви
_bП.М.
_gПавел Максович
712 0 2 _a"Оргрэс", трест
_cМосква
_3RU\NLR\AUTH\8810166155
_9828297
801 0 _aRU
_bNLR
_gpsbo
801 1 _aRU
_bELAR
_2rusmarc
852 _aNLR
_j59-4/18353
942 _cBOOK
980 _aNB